EdGCM : πτυχιακή εργασία : αρχές λειτουργίας και αξιολόγηση εγκυρότητας ως προς την πρόβλεψη του μελλοντικού κλίματος
Αποθηκεύτηκε σε:
| Κύριος συγγραφέας: | |
|---|---|
| Συγγραφή απο Οργανισμό/Αρχή: | |
| Άλλοι συγγραφείς: | |
| Μορφή: | Thesis Βιβλίο |
| Γλώσσα: | Greek |
| Δημοσίευση: |
2009
|
| Θέματα: | |
| Διαθέσιμο Online: | http://hdl.handle.net/11610/7050 |
| Ετικέτες: |
Προσθήκη ετικέτας
Δεν υπάρχουν, Καταχωρήστε ετικέτα πρώτοι!
|
MARC
| LEADER | 00000cam a2200000 i 4500 | ||
|---|---|---|---|
| 001 | 1/7849 | ||
| 008 | 100527s2009 gre d | ||
| 035 | |l 10108018 | ||
| 040 | |a GR-MY-UA |b gre |e aacr | ||
| 041 | 0 | |a gre | |
| 082 | 0 | |a 363.7394 |2 (22) | |
| 100 | 1 | |a Χρυσάνθου, Κυπρούλα. | |
| 245 | 1 | 0 | |a EdGCM : |b πτυχιακή εργασία : αρχές λειτουργίας και αξιολόγηση εγκυρότητας ως προς την πρόβλεψη του μελλοντικού κλίματος / |c Χρυσάνθου Κυπρούλα ; επιβλέπουσα: Τράγου Ελένη |
| 260 | |c 2009 | ||
| 300 | |a 99 σ.; |b εικ.; |c 30 εκ. | ||
| 502 | |a Πτυχιακή εργασία – Πανεπιστήμιο Αιγαίου, Λέσβος, 2009. | ||
| 504 | |a Βιβλιογραφία: σ. 92-99 | ||
| 650 | 0 | 0 | |a Global warming |x Research. |
| 650 | 0 | 0 | |a Greenhouse effect, Atmospheric. |
| 650 | 0 | 0 | |a Global warming |x Mathematical models. |
| 650 | 0 | 0 | |a Greenhouse gases |x Mathematical models. |
| 650 | 0 | 0 | |a Climatic changes |x Mathematical models. |
| 650 | 0 | 0 | |a Dissertations, Academic |z Greece. |
| 700 | 1 | |a Τράγου, Ελένη. |4 ths | |
| 710 | 2 | |a Πανεπιστήμιο Αιγαίου |b Σχολή Περιβάλλοντος |b Τμήμα Επιστημών της Θάλασσας. | |
| 852 | |a INST |b LESVOS |c DIATR |e 20100527 |h 419 |p 005100047613 |q 005100047613 |t DIE |y 23 | ||
| 852 | |a INST |b LESVOS |c DIATR |e 20100527 |h 420 |p 005100047614 |q 005100047614 |t DIE |y 23 | ||
| 856 | |u http://hdl.handle.net/11610/7050 | ||
| 901 | |a BIBL1-2010-2 | ||
| 909 | |a Λ |b 164349 | ||
| 909 | |a Λ |b 164348 | ||
| 924 | |a Χρύσανθου |b Κυπρούλα |y Λέσβος |z 2009-10 | ||
| 970 | |a Τζαφέρη |b Ευαγγελία |z 2010/05/27 | ||